000 00706nam a2200289Ia 4500
005 20260324143815.0
008 008 260324s9999 xx 000 0 eng d
020 _a9781315807782
037 _aEBOOK
040 _aCRL
040 _beng
040 _cCRL
041 _2eng
041 _aeng
084 _qCRL
100 _aIrvin Rock; Irvin Rock - DECEASED
_91216997
245 4 _aThe Legacy of Solomon Asch
245 0 _bEssays in Cognition and Social Psychology
260 _bTaylor and Francis
260 _c1990
365 _a
365 _b205
856 _uhttp://www.taylorfrancis.com/books/9781315807782
942 _cEBOOK
999 _c1822836
_d1822836